00257nam a2200097 a 4500008004100000050001700041100002500058245005600083260001100139350000900150120416s1935 xx |||||||||||||| || u aHB 171.5 Key aKeynes, John Maynard14aThe general theory of employment interest and money c(1935) a0.00